25 Most Populous Canadian Metros Quiz Stats

Quiz Updated Jul 1, 2015

Also try: The Canada Quiz
Challenge
Share
Tweet
Embed
Score 0/25 Timer 05:00
1 Play Today
% Correct
Calgary
96%
Toronto
95.8%
Vancouver
95.7%
Montréal
95.5%
Edmonton
94.8%
Winnipeg
93.5%
Québec
92.7%
Ottawa-Gatineau
90.7%
Halifax
90.5%
Hamilton
83.1%
London
81.2%
Victoria
81%
Saskatoon
77.8%
% Correct
Regina
74.6%
Kitchener - Cambridge - Waterloo
74.4%
Windsor
74.2%
St. Catharines - Niagara
67.9%
St. John's
66.5%
Greater Sudbury | Grand Sudbury
63.2%
Kingston
58.6%
Abbotsford - Mission
41.7%
Oshawa
38.3%
Barrie
35.5%
Kelowna
29.4%
Sherbrooke
27.7%

You're not logged in!

Compare scores with friends on all Sporcle quizzes.
Join for Free
OR
Log In

You Might Also Like...

Show Comments

Extras

Top Quizzes Today


Score Distribution

Your Account Isn't Verified!

In order to create a playlist on Sporcle, you need to verify the email address you used during registration. Go to your Sporcle Settings to finish the process.

Report this User

Report this user for behavior that violates our Community Guidelines.

Details: